League of Legends Champs! (as of yasuo) - Statistics

General Stats
  • This quiz has been taken 2,859 times
  • The average score is 67 of 118
Answer Stats
Title Champion % Correct
the Nine-Tailed Fox Ahri
96%
the Sad Mummy Amumu
94%
the Frost Archer Ashe
94%
the Minotaur Alistar
92%
the Dark Child Annie
90%
the Sheriff of Piltover Caitlyn
87%
the Darkin Blade Aatrox
86%
the Hand of Noxus Darius
86%
the Might of Demacia Garen
85%
the Cryophoenix Anivia
84%
the Great Steam Golem Blitzcrank
83%
the Spider Queen Elise
82%
the Burning Vengeance Brand
79%
the Scorn of the Moon Diana
75%
the Prodigal Explorer Ezreal
75%
the Master of Shadows Zed
75%
the Blind Monk Lee Sin
74%
the Unforgiven Yasuo
73%
the Wuju Bladesman Master Yi
72%
the Serpent's Embrace Cassiopeia
71%
the Grand Duelist Fiora
71%
the Lady of Luminosity Lux
71%
the Glorious Executioner Draven
70%
the Fist of Shadow Akali
69%
the Card Master Twisted Fate
69%
the Piltover Enforcer Vi
69%
the Tidal Trickster Fizz
68%
the Yeti Rider Nunu
67%
the Judicator Kayle
66%
the Terror of the Void Chogath
65%
the Ice Witch Lissandra
64%
the Plague Rat Twitch
64%
the Hexplosives Expert Ziggs
64%
the Daring Bombardier Corki
63%
the Void Walker Kassadin
63%
Fallen Angel Morgana
63%
the Monkey King Wukong
63%
the Revered Inventor Heimerdinger
62%
the Loose Cannon Jinx
62%
the Eternal Nightmare Nocturne
62%
the Half-Dragon Shyvana
62%
the Mad Chemist Singed
62%
the Outlaw Graves
61%
the Troll King Trundle
61%
the Saltwater Scourge Gangplank
60%
the Swift Scout Teemo
60%
the Chronokeeper Zilean
60%
the Sinister Blade Katarina
59%
the Radiant Dawn Leona
58%
Grandmaster at Arms Jax
57%
the Tidecaller Nami
57%
the Madman of Zaun Dr. Mundo
56%
the Voidreaver Kha'Zix
56%
the Curator of the Sands Nasus
56%
the Demon Jester Shaco
55%
the Gem Knight Taric
55%
Rise of the Thorns Zyra
55%
the Will of the Blades Irelia
54%
the Storm's Fury Janna
54%
the Megling Gunner Tristana
54%
the Gravedigger Yorick
54%
the Fae Sorceress Lulu
53%
the Titan of the Depths Nautilus
53%
the Pridestalker Rengar
53%
the Starchild Soraka
53%
the Exemplar of Demacia Jarvan IV
52%
the Purifier Lucian
52%
the Prophet of the Void Malzahar
52%
the Butcher of the Sands Renekton
52%
the Chain Warden Thresh
52%
the Barbarian King Tryndamere
52%
the Widowmaker Evelynn
51%
the Defender of Tomorrow Jayce
51%
the Lady of Clockwork Orianna
51%
the Armordillo Rammus
51%
the Exile Riven
51%
the Bestial Huntress Nidalee
50%
the Tiny Master of Evil Veigar
50%
the Deathsinger Karthus
49%
Shard of the Monolith Malphite
49%
the Twisted Treant Maokai
49%
the Bounty Hunter Miss Fortune
49%
the Sentinel's Sorrow Galio
48%
the Deceiver Leblanc
48%
the Berserker Olaf
48%
the Thunder's Roar Volibear
48%
the Master of Metal Mordekaiser
47%
the Arrow of Retribution Varus
47%
the Night Hunter Vayne
47%
Maven of the Strings Sona
46%
the Udead Champion Sion
45%
the Secret Weapon Zac
45%
the Shadow of War Hecarim
44%
the Mouth of the Abyss Kog'Maw
44%
the Rogue Mage Ryze
44%
Eye of Twilight Shen
44%
the Harbinger of Doom Fiddlesticks
42%
the Rabble Rouser Gragas
42%
the Mechanized Menace Rumble
42%
the Winter's Wrath Sejuani
41%
the Master Tactician Swain
41%
the Blade's Shadow Talon
41%
the Machine Herald Viktor
41%
the Battle Mistress Sivir
40%
the Blood Hunter Warwick
38%
the Enlightened One Karma
37%
the Heart of the Tempest Kennen
37%
Demacia's Wings Quinn
36%
the Crystal Vanguard Skarner
36%
the Headsman's Pride Urgot
36%
the Crimson Reaper Vladimir
36%
the Iron Ambassador Poppy
35%
the Spirit Walker Udyr
35%
the Magus Ascendant Xerath
35%
the Seneschal of Demacia Xin Zhao
35%
the Dark Sovereign Syndra
34%
the Artisan of War Pantheon
33%
Fck it baylife Dyrus
8%
No matching quizzes found
Score Distribution
Percent of People with Each Score
Percentile by Number Answered
Your Score History
You have not taken this quiz